000 00599nam a2200241Ia 4500
003 OSt
005 20221005132018.0
006 a|||||r|||| 00| 0
007 ta
008 221004b |||||||| |||| 00| 0 rus d
024 _a46731
037 _cTextual
040 _aCRL
_cCRL
_brus
041 _2rus
_arus
082 _aO142,3M09,1, 31J6
100 _aGogol Au.
_9634788
245 0 _aTavas bulba
260 _c1956
650 _a RUSSIAN LITERATURE
650 _aRUSSIAN FICTION
942 _hO142,3M09,1, 31J6
_cTEXL
_2cc
999 _c1062163
_d1062163